000 00378cam a22001217a 4500
008 180718b1967 xxu||||| |||| 00| 0 eng d
082 _aA81x54 In2/61/MS5
100 _aCensus of India 1961
245 _aDemographic trends in West Bengal during 1901-1950
260 _aDelhi
_bThe Manager of Publications
_c1967
300 _a40p.
440 _aCensus of India 1961. Monograph No.5
999 _c483889
_d483889